El Movimiento Olímpico Internacional, la grave crisis que se va a generar en torno a los juegos de Seúl en 1988, y la única solución posible

Saved in:
Bibliographic Details
Main Author: Castro Ruz, Fidel
Format: Text
Published: La Habana: Editora Política
Edition:1
Subjects:
Tags: Add Tag
No Tags, Be the first to tag this record!

MARC

LEADER 00000 a a2200000 04500
001 18186
003
040
090 |a 017200  
100 |a Castro Ruz, Fidel  
245 |a El Movimiento Olímpico Internacional, la grave crisis que se va a generar en torno a los juegos de Seúl en 1988, y la única solución posible  
250 |a 1  
260 |a La Habana:   |b Editora Política  
300 |a 8 p.  
650 |a MOVIMIENTO OLIMPICO INTERNACIONAL  
650 |a ARREGLO DE CONTROVERSIAS  
650 |a DEPORTES  
999 |c 2715  |d 2715